000 00238nam a2200097Ia 4500
001 714768
005 20250826162911.0
008 250824s9999 xx 000 0 und d
245 0 _aBORANIN KİTABI
_cAYŞE KULİN
260 _bEVEREST YAYINLARI
999 _c714768
_d714768